| 000 | 00817cab a2200241 4500 | ||
|---|---|---|---|
| 001 | ABS44874 | ||
| 008 | 090401t1991 xxu||||| |||| 00| 0 eng d | ||
| 035 | _a(Sirsi) u49629 | ||
| 041 | _aeng | ||
| 100 | _aChong, F. | ||
| 245 | _aAustralia: special report | ||
| 260 | _c1991 | ||
| 350 | _a0 | ||
| 490 |
_aAsian Property _vMay 1991, 44-67(20) |
||
| 520 | _aThe Australia n property market is facing its severest slump in more than fifteen years. Features on the office, housing, agricultural and leisure markets, with particular reference to golf course development . | ||
| 650 | _aPROPERTY-COMMERCIAL PROPERTY-OFFICE PROPERTY-OFFICE PROPERTY MARKET | ||
| 650 | _aOVERSEAS | ||
| 690 | _aOVERSEAS-REST OF THE WORLD | ||
| 700 | _aThomas, G. | ||
| 700 | _aMorris, B. | ||
| 942 | _n0 | ||
| 948 | _c04/03/1997 | ||
| 999 |
_c31069 _d31069 |
||